000 00836nam a2200181Ia 4500
008 100920s9999 xx 000 0 und d
082 _b40280
_a28 व 491 थ 58
100 _aजोशी - निर्मळ गुरूजी.
245 _aदेवीची देणगी मुलांसाठी दोन अंकी नाटिका.
260 _bचित्रशाळा प्रकाशन,पुणे2.
_c1958
300 _a32
_bसाधी
365 _b0.5
520 _aबा.वि.नाटक.
630 _aदेवीची देणगी मुलांसाठी दोन अंकी नाटिका.
650 _aबा.वि.नाटक.
730 _aदेवीची देणगी मुलांसाठी दोन अंकी नाटिका.
942 _cBOOK
999 _c691431
_d691428